01368cam a2200241 a 450000500170000002000340001704000350005108200150008610000220010124501080012325000130023126000410024430000360028550400510032152006010037265000160097365000120098965000230100165000210102470000280104570000300107370000230110320251002073957.0 a9780073526997 cTzs 10,000 /= aMCCL.beng.eAACR 2nd rev.ed.00a658.15 FIN aWilliams, Jan R.00aFinancial & managerial accounting :bthe basis for business decisions c/ Jan R. Williams ... [et al.]. a15th ed. aBoston :bMcGraw-Hill Irwin,cc2010. axxxii, 1155p. :bill. ;c298cm. aIncludes bibliographical references and index. a"With the fifteenth edition of Financial and Managerial Accounting: The Basis for Business Decisions, the Williams author team continues to be a solid foundation for students who are learning basic accounting concepts. In this revision, the authors have added to and refined the coverage of International Financial Reporting Standards (IFRS), particularly in Chapter 15 ("Global Business and Accounting"). Hallmarks of the text - including the solid Accounting Cycle Presentation, relevant pedagogy, and high quality, end-of-chapter material - have been updated throughout the book."--BOOK JACKET 0aAccounting. 0aCosting 0aIncome and changes 0aFinancial assets1 aSusan F. Hakac(author)1 aMark S. Bettnerc(author)1 aJoseph V. Carcello